| 000 | 00602nam a2200193Ia 4500 | ||
|---|---|---|---|
| 999 |
_c46992 _d46992 |
||
| 003 | GCL | ||
| 005 | 20240530104356.0 | ||
| 008 | 140319s9999 xx 000 0 ara d | ||
| 040 |
_aGCL / _cGCL |
||
| 082 | 0 | 4 |
_a512.001 _bق ص |
| 245 | 0 | 0 |
_aصناعة الجبر لديوفنطس / _cترجمة قسطا بن لوقا ؛ تحقيق رشدى راشد |
| 300 | _a161 ص | ||
| 490 |
_aالتراث العلمى العربى _v0 |
||
| 650 | 0 | 4 | _aالجبر |
| 650 | 0 | 4 | _aالتحليل العددى |
| 650 | 0 | 4 | _aنظرية ديوفنطس |
| 700 | 1 |
_aرشدى راشد _eمحقق |
|
| 942 |
_2ddc _cBK |
||